Shakespeare Characters - Sudden Death - Statistics

General Stats
  • This quiz has been taken 155 times
  • The average score is 11 of 16
Answers on the Grid
Answers color-coded by a green-red scale on the quiz's grid according to % correct below.
Mercutio
Shylock
Juliet
Othello
Tybalt
Lady Macbeth
Prospero
Portia
Malvolio
Macduff
Antonio
Banquo
Sir John Falstaff
Benvolio
Titania
Sir Toby Belch
Silas Marner
Jo March
Miss Havisham
Sergeant Troy
Quasimodo
Charlie Bucket
Atticus Finch
Simon Legree
Dracula
D’Artagnan
Aslan
Legolas
Heathcliff
Pinocchio
Count Olaf
Grendel
 
Answer Stats
Answer % Correct
Juliet
96%
Lady Macbeth
90%
Mercutio
82%
Othello
82%
Prospero
74%
Benvolio
72%
Tybalt
71%
Macduff
68%
Antonio
66%
Portia
66%
Shylock
66%
Banquo
65%
Titania
65%
Malvolio
63%
Sir John Falstaff
56%
Sir Toby Belch
37%
No matching quizzes found
Score Distribution
Percent of People with Each Score
Percentile by Number Answered
Your Score History
You have not taken this quiz